000 00310 a2200133 4500
001 153880
040 _cEscola São Tomás de Aquino
100 _aPACEI, Cristina
240 1 0 _aOs gnomos do bosque
_lpor
245 1 0 _aOs gnomos do bosque
362 0 _a1990
697 _a*LITERATURA INFANTIL
942 _cBK
999 _c153880
_d153880